Statistics for Cities with the world's tallest flagpoles

Click here to take the quiz!

General Stats

  • This quiz has been taken 11 times
  • The average score is 2 of 7

Answer Stats

RankAnswer% Correct
3Baku, Azerbaijan
56%
2Dushanbe, Tajikistan
56%
7Amman, Jordan
44%
1Jeddah, Saudi Arabia
33%
5Ashgabat, Turkmenistan
22%
6Aqaba, Jordan
11%
4Kijŏngdong, North Korea
11%

Score Distribution

Percentile by Number Answered

Percent of People with Each Score

Your Score History

You have not taken this quiz